| 000 | 00883cam a2200277 i 4500 | ||
|---|---|---|---|
| 999 |
_c5292 _d5292 |
||
| 003 | UkOxU | ||
| 005 | 20220406095058.0 | ||
| 008 | 150924s2013 nyua b 001 0 eng | ||
| 020 | _a9780393919325 (pbk) | ||
| 020 | _a9780393932959(pack) | ||
| 040 | _cUkOxU | ||
| 050 |
_aBF201 _b.R45 2010 |
||
| 100 | 1 | _aReisberg, Daniel, | |
| 245 | 1 | 4 |
_aThe cognition workbook : _bessays, demonstrations, and explorations / _cDaniel Reisberg. |
| 264 | 1 |
_aNew York ; _aLondon : _bNorton, _c2010 |
|
| 264 | 4 | _c© 2010. | |
| 300 |
_av, 194 pages : _bcolour illustrations ; _c27 cm |
||
| 336 |
_atext _2rdacontent |
||
| 337 |
_aunmediated _2rdamedia |
||
| 338 |
_avolume _2rdacarrier |
||
| 500 | _aAlso issued as a pack containing text and workbook. | ||
| 504 | _aIncludes bibliographical references and index. | ||
| 650 | 0 | _aCognitive psychology. | |
| 942 |
_2lcc _cBK |
||